LEADER 01176nam a2200253 i 4500 001 000000158433 003 CaOOAMICUS 005 20070207000000.0 008 070207s1953 it u000 u ita u 013 $a135796 040 $aSeMil$bita 100 1 $aLotto, Lorenzo <1480-1556>.$0(OLS)http://semarc/name/41438 245 10$aMostra di Lorenzo Lotto :$bPalazzo Ducale, Venezia 14 giugno-18 ottobre 1953 /$cCatalogo ufficiale a cura di Pietro Zampetti. 260 $aVenezia :$bCasa Editrice Arte Veneta,$c1953. 300 $aXXVI, 195 p. :$briccamente ill. ;$c21 cm. 500 $aCatalogo della Mostra. - Fondo Ciprandi. 650 4$aLotto, Lorenzo - Opere - Esposizioni - Venezia - 1953.$0(OLS)http://semarc/subject/16962 700 1 $aZampetti, Pietro.$0(OLS)http://semarc/name/41324 850 $aSeMil 852 $aSeMil$W1$xVenegono$y1$m5L I 21$j110084$B110084$CSeMilBibl$Z2$F119712 $81 941 1 $a1 961 $aOmaggio: Ciprandi dott. Paolo 996 $6245$aMostra di Lorenzo Lotto :$bPalazzo Ducale, Venezia 14 giugno-18 ottobre 1953$9(OLS)http://semarc/title/139896 996 $6260$aVenezia :$bCasa Editrice Arte Veneta$9(OLS)http://semarc/publisher/44076 LEADER 01237nam a2200241 i 4500 001 000000024966 003 CaOOAMICUS 005 20250826124443.0 008 180830s1774 fr d u000 u fre u 040 $aSeMil$bita 245 00$aNouveau dictionnaire françois-allemand, et allemand-françois a l'usage des deux nations. Tome 1 [-2]. 250 $aNouvelle édition considérablement corrigée et augmentée. 260 $aà Strasbourg :$bchez Amand König,$c1774$f(De l'Impr. Simon Kürsner,$g1774) 300 $a2 volumi ;$c4°. 500 $aFregi xilogr. sui front. - Testate e capilettera xilogr. 500 $aTesto disposto su tre colonne 700 1 $aKürsner, Simon,$c.$0(OLS)http://semarc/name/90134 700 1 $aKönig, Amand,$c.$0(OLS)http://semarc/name/77949 774 0 $tTome 1. Contenant l'allemand expliqué par le françois.$g1$w()202353 774 0 $tTome 2. Contenant l'allemand expliqué par le françois.$g2$w()202354 996 $6245$aNouveau dictionnaire françois-allemand, et allemand-françois a l'usage des deux nations. Tome 1 [-2]$9(OLS)http://semarc/title/33631 996 $6260$aà Strasbourg :$bchez Amand König$9(OLS)http://semarc/publisher/56117